Quiz sull'Eritrea - Statistics

Statistiche generali
  • Questo quiz è stato fatto 624 volte
  • Il punteggio medio è 11 su 17
Statistiche sulle risposte
Hint Risposta % Corretto
Paese che ha controllato l'Eritrea dal 1882 al 1943 Italia
96%
Paese dal quale l'Eritrea ha ottenuto l'indipendenza nel 1993 Etiopia
94%
Penisola che comprende l'Eritrea {Corno} d'Africa
91%
Paese più piccolo con cui confina Gibuti
90%
Mare che bagna il Paese Mar Rosso
89%
Paese più grande confinante con l'Eritrea Sudan
89%
Paese asiatico situato a soli 38 Km dalla costa Yemen
88%
Capitale Asmara
81%
Soprannome dato alla capitale durante il periodo coloniale a causa della sua architettura Piccola {Roma}
77%
La maggior parte dei cristiani in Eritrea appartengono a questo ramo della Chiesa Chiesa {Ortodossa}
65%
L'Eritrea è l'unico paese africano il cui sistema politico è ufficialmente uno stato ______, praticamente dittatoriale {Mono}partitico
62%
La cucina eritrea è spesso servita su injera, che è un tipo di _____spugnoso Pane
46%
Località in cui questo stato subì una storica sconfitta nel 1896 Battaglia di {Adua}
35%
Lingua più parlata Tigrino
35%
Animale che compare sull'emblema nazionale Dromedario
27%
"Eritrea" è il nome di questo mare in questa lingua Greco
25%
Antico regno che occupò gran parte dell'Eritrea tra il 100 e il 940 d.C. Axum
20%
Nessun quiz corrispondente trovato
Distribuzione punteggi
Percentuale di utenti per punteggio
Percentile per numero di risposta
I tuoi punteggi nel tempo
Non hai fatto questo quiz